000 00617nam a2200241Ia 4500
003 OSt
005 20220918174247.0
006 a|||||r|||| 00| 0
007 ta
008 220917b |||||||| |||| 00| 0 eng d
024 _a11,268
037 _cTextual
040 _aARTS
_cARTS
_beng
041 _2eng
_aeng
082 _aM2, J2
100 _aChenery William L.
_949694
245 0 _aSo it seemed
260 _aNew York
_bHarcourt, brace and company
_c1952
300 _a300
_ccm.
650 _aINDUSTRIAL ARTS
942 _hM2, J2
_cTEXL
_2CC
999 _c152382
_d152382